000 00290nam a22001337a 4500
008 171123b xxu||||| |||| 00| 0 eng d
020 _a156363497
041 _aeng
080 _a53
100 _a43
101 _aFIZ
245 _aPSYSICIAN DESK REFERENCE
_cTHOMSON.M
942 _2udc
_cBK
999 _c38308
_d38308